[Event "XIV Memorial Edoardo Crespi"]
[Site "Milano ITA"]
[Date "1993.12.??"]
[Round "6"]
[White "Rizzuti, Pasquale"]
[Black "Cappello, Guido"]
[WhiteElo "1882"]
[BlackElo "2285"]
[Result "0-1"]
[PlyCount "106"]
[EventDate "1993.12.06"]

1. e4 Nc6 2. d4 e5 3. d5 Nce7 4. c4 Ng6 5. g3 Bc5 6. h4 d6 7. h5 Qf6 8. Nf3 Bg4
9. Be2 Bxf3 10. Bxf3 Nf8 11. Nc3 a6 12. Qe2 Nd7 13. a3 Nb6 14. b3 Bd4 15. Bd2
Nd7 16. b4 Nb6 17. Bg4 c5 18. O-O g6 19. Kg2 gxh5 20. Bxh5 Qg7 21. bxc5 Bxc5
22. f4 Nd7 23. Bxf7+ Qxf7 24. fxe5 Qg6 25. e6 Ne5 26. Na4 Bd4 27. Rab1 Nf6 28.
Rf5 O-O-O 29. c5 Rhg8 30. Bf4 Nxd5 31. exd5 Qxf5 32. Nb6+ Kb8 33. Rf1 Bxc5 34.
Bxe5 Qxe5 35. Nd7+ Rxd7 36. Qxe5 dxe5 37. exd7 Rd8 38. Rf7 Kc7 39. a4 Rxd7 40.
Rf1 Rxd5 41. Rh1 Rd7 42. Kf3 Kb6 43. Ke4 Bd4 44. g4 Ka5 45. g5 Kxa4 46. Rh6 Ka5
47. g6 hxg6 48. Rxg6 b5 49. Kd3 Rc7 50. Re6 b4 51. Re8 b3 52. Kd2 b2 53. Rb8
Rc1 0-1

[Event "XIV Memorial Edoardo Crespi"]
[Site "Milano ITA"]
[Date "1993.12.??"]
[Round "6"]
[White "Sbarra, Marco"]
[Black "Braunberger, Federico"]
[WhiteElo "2005"]
[BlackElo "2028"]
[Result "0-1"]
[PlyCount "66"]
[EventDate "1993.12.06"]

1. d4 Nf6 2. Nf3 e6 3. c4 c5 4. Nc3 b6 5. d5 exd5 6. Nxd5 Nxd5 7. Qxd5 Nc6 8.
Bf4 Qf6 9. Qd2 Be7 10. e3 h6 11. Be2 g5 12. Bg3 d6 13. Rd1 Bb7 14. Bxd6 O-O-O
15. Bxe7 Qxe7 16. Qc3 g4 17. Rxd8+ Rxd8 18. Nd2 Ne5 19. O-O Nf3+ 20. Bxf3 gxf3
21. e4 fxg2 22. Re1 f5 23. Qe3 Qd6 24. Re2 fxe4 25. Nxe4 Qe6 26. f3 Qxc4 27.
Kxg2 Qxa2 28. Qxh6 Bxe4 29. fxe4 Qg8+ 30. Kf1 Rf8+ 31. Rf2 Qc4+ 32. Kg1 Rg8+
33. Rg2 Qd4+ 0-1

[Event "XIV Memorial Edoardo Crespi"]
[Site "Milano ITA"]
[Date "1993.12.??"]
[Round "7"]
[White "Braunberger, Federico"]
[Black "Marzano, Carlo"]
[WhiteElo "2028"]
[BlackElo "2235"]
[Result "0-1"]
[PlyCount "74"]
[EventDate "1993.12.06"]

1. Nf3 Nc6 2. c4 e5 3. Nc3 d6 4. d4 exd4 5. Nxd4 g6 6. Nxc6 bxc6 7. Qd4 Qf6 8.
Qxf6 Nxf6 9. g3 Rb8 10. Bg2 Bd7 11. O-O Bg7 12. Rb1 O-O 13. b3 c5 14. Bd2 Rfe8
15. e4 Bc6 16. Rbe1 a5 17. h3 a4 18. e5 Bxg2 19. Kxg2 dxe5 20. Nxa4 Bf8 21. Be3
Nd7 22. Rd1 Bd6 23. Rd2 f5 24. f4 e4 25. Rfd1 Ra8 26. Nc3 Reb8 27. Nb5 Nf8 28.
Nc3 Ne6 29. Na4 Rb4 30. Rc2 Rbb8 31. Rd5 Ra5 32. Bd2 Rxa4 33. bxa4 Nd4 34. Rxd4
cxd4 35. c5 Be7 36. Kf1 Rb1+ 37. Be1 d3 0-1

[Event "XIV Memorial Edoardo Crespi"]
[Site "Milano ITA"]
[Date "1993.12.??"]
[Round "7"]
[White "Capece, Adolivio"]
[Black "D'Apa, Stefano"]
[WhiteElo "2205"]
[BlackElo "2225"]
[Result "1/2-1/2"]
[PlyCount "65"]
[EventDate "1993.12.06"]

1. c4 e5 2. Nc3 Nf6 3. g3 Bb4 4. Bg2 Nc6 5. Nd5 Bc5 6. e3 O-O 7. d3 Nxd5 8.
cxd5 Ne7 9. Qc2 d6 10. Bd2 c6 11. b4 Bb6 12. dxc6 bxc6 13. Ne2 Ba6 14. a4 d5
15. Nc1 Qd7 16. Nb3 Rae8 17. a5 Bc7 18. Nc5 Qc8 19. Nxa6 Qxa6 20. O-O f5 21.
Rab1 Bd6 22. Qb3 Kh8 23. b5 Qxb5 24. Qxb5 cxb5 25. Rxb5 Rb8 26. Rfb1 Rxb5 27.
Rxb5 Rb8 28. Rxb8+ Bxb8 29. Kf1 Kg8 30. Ke1 Bd6 31. Kd1 Kf7 32. Kc2 Ke6 33. Kb3
1/2-1/2

[Event "XIV Memorial Edoardo Crespi"]
[Site "Milano ITA"]
[Date "1993.12.??"]
[Round "7"]
[White "Cappello, Guido"]
[Black "Gazzarri, Alberto"]
[WhiteElo "2285"]
[BlackElo "1984"]
[Result "1-0"]
[PlyCount "71"]
[EventDate "1993.12.06"]

1. e4 c6 2. d4 d5 3. Nc3 dxe4 4. Nxe4 Nf6 5. Ng3 h5 6. h4 Bg4 7. Be2 Bxe2 8.
N1xe2 e6 9. Qd3 Bd6 10. Bg5 Qa5+ 11. c3 Nbd7 12. O-O Qc7 13. b4 g6 14. c4 Nh7
15. c5 Bxg3 16. Nxg3 Nxg5 17. hxg5 O-O 18. f4 a5 19. b5 b6 20. Rac1 bxc5 21.
Ne4 Rfd8 22. dxc5 cxb5 23. c6 Nb6 24. Nf6+ Kf8 25. Qxb5 Rd6 26. Qc5 Rad8 27.
Ne4 Nd5 28. Nxd6 Rxd6 29. Rfd1 Kg8 30. a3 Rd8 31. Qd4 Rc8 32. Rc4 Qd6 33. Rb1
Qxa3 34. c7 Qd6 35. Rb8 Qa6 36. Rc6 1-0

[Event "XIV Memorial Edoardo Crespi"]
[Site "Milano ITA"]
[Date "1993.12.??"]
[Round "7"]
[White "Iudicello, Giovanni"]
[Black "Natalucci, Fabrizio"]
[WhiteElo "2118"]
[BlackElo "2270"]
[Result "1-0"]
[PlyCount "77"]
[EventDate "1993.12.06"]

1. e4 c5 2. Nf3 d6 3. d4 cxd4 4. Nxd4 Nf6 5. Nc3 g6 6. Be3 Bg7 7. Bc4 O-O 8. f3
Nc6 9. Qd2 Qa5 10. Bb3 Bd7 11. O-O-O Rfc8 12. g4 Ne5 13. Bh6 Bh8 14. Kb1 b5 15.
h4 Nc4 16. Bxc4 bxc4 17. Nd5 Qd8 18. c3 Rab8 19. h5 Nxd5 20. exd5 Qa5 21. hxg6
fxg6 22. Bg5 Rb6 23. Qh2 h5 24. Qc2 Rcb8 25. Bc1 Ra6 26. Qxg6+ Bg7 27. Ne6
Qxa2+ 28. Kc2 Ba4+ 29. Kd2 Rxb2+ 30. Ke3 Re2+ 31. Kf4 Rxe6 32. dxe6 Ra5 33.
Qf7+ Kh7 34. Rxh5+ Rxh5 35. Qxh5+ Bh6+ 36. Kg3 Bxd1 37. Qxh6+ Kg8 38. Qg6+ Kh8
39. Bh6 1-0

[Event "XIV Memorial Edoardo Crespi"]
[Site "Milano ITA"]
[Date "1993.12.??"]
[Round "7"]
[White "Lanzani, Mario"]
[Black "Cazzaniga, Walter"]
[WhiteElo "2280"]
[BlackElo "2013"]
[Result "0-1"]
[PlyCount "82"]
[EventDate "1993.12.06"]

1. Nf3 Nf6 2. c4 g6 3. Nc3 Bg7 4. e4 d6 5. d4 O-O 6. h3 c5 7. d5 e5 8. Be2 Na6
9. Be3 Nc7 10. Nd2 Bd7 11. O-O Nfe8 12. Qc2 f5 13. f4 exf4 14. Bxf4 g5 15. Bh2
f4 16. Qd1 Be5 17. Bg4 Nf6 18. Bxd7 Qxd7 19. Nf3 Qg7 20. Nxe5 dxe5 21. Kf2 Nce8
22. Ke2 Nd6 23. Kd3 b5 24. cxb5 c4+ 25. Kc2 Qg6 26. Kc1 Nfxe4 27. Nxe4 Qxe4 28.
Re1 Qxg2 29. Rxe5 c3 30. bxc3 Rac8 31. Qe2 Rxc3+ 32. Kb2 Qxe2+ 33. Rxe2 Rxh3
34. Bg1 Nc4+ 35. Kc2 f3 36. Re4 Na3+ 37. Kb2 f2 38. Rf1 fxg1=Q 39. Rxg1 Rf2+
40. Ka1 h6 41. Rc1 Rhh2 0-1

[Event "XIV Memorial Edoardo Crespi"]
[Site "Milano ITA"]
[Date "1993.12.??"]
[Round "7"]
[White "Misiano, Franco"]
[Black "Iudicello, Marco"]
[WhiteElo "1900"]
[BlackElo "2025"]
[Result "1-0"]
[PlyCount "43"]
[EventDate "1993.12.06"]

1. e4 c5 2. Nf3 d6 3. d4 cxd4 4. Nxd4 Nf6 5. Nc3 g6 6. Be3 Bg7 7. f3 Nc6 8. Bc4
O-O 9. Qd2 Bd7 10. O-O-O Rc8 11. Bb3 Ne5 12. h4 Nc4 13. Bxc4 Rxc4 14. h5 Nxh5
15. g4 Nf6 16. b3 Rc8 17. Bh6 Bxh6 18. Qxh6 Rxc3 19. g5 Nh5 20. Rxh5 gxh5 21.
Rh1 f6 22. g6 1-0

[Event "XIV Memorial Edoardo Crespi"]
[Site "Milano ITA"]
[Date "1993.12.??"]
[Round "7"]
[White "Sbarra, Marco"]
[Black "Radovanovic, Jovica"]
[WhiteElo "2005"]
[BlackElo "2230"]
[Result "0-1"]
[PlyCount "124"]
[EventDate "1993.12.06"]

1. d4 Nf6 2. Nf3 b6 3. c4 e6 4. g3 Bb7 5. Bg2 Be7 6. O-O O-O 7. Nc3 Ne4 8. Nxe4
Bxe4 9. Nh4 Bxg2 10. Nxg2 d6 11. d5 Bf6 12. Rb1 Nd7 13. Be3 a5 14. Qc2 Bg5 15.
dxe6 fxe6 16. Qe4 Re8 17. Bxg5 Qxg5 18. Qc6 Qd8 19. Nf4 Ne5 20. Qe4 Qf6 21. b3
g6 22. Nd3 Nxd3 23. exd3 Rf8 24. Qc6 Rac8 25. Rbe1 Rf7 26. Qe4 Re8 27. Re2 Ree7
28. Rfe1 e5 29. Kg2 Kg7 30. a3 Rf8 31. b4 axb4 32. axb4 Ref7 33. Ra1 Qf3+ 34.
Qxf3 Rxf3 35. Ra7 R3f7 36. b5 Kf6 37. f3 g5 38. Re3 h5 39. Kf2 g4 40. Ke2 Kg5
41. fxg4 Rf2+ 42. Kd1 Rb2 43. Ke1 Rff2 44. h4+ Kxg4 45. Ra1 Rh2 46. Kd1 Rh1+
47. Re1 Rxe1+ 48. Kxe1 Kxg3 49. Ra7 Kxh4 50. Rxc7 Kg3 51. Kf1 h4 52. Rg7+ Kf3
53. Rf7+ Ke3 54. Rf6 h3 55. Kg1 h2+ 56. Kh1 Kxd3 57. Rxd6+ Kxc4 58. Rxb6 e4 59.
Re6 Kd4 60. Rd6+ Ke5 61. Rd8 e3 62. b6 Rxb6 0-1

[Event "XIV Memorial Edoardo Crespi"]
[Site "Milano ITA"]
[Date "1993.12.??"]
[Round "7"]
[White "Tortarolo, Massimiliano"]
[Black "Contini, Luca"]
[WhiteElo "2250"]
[BlackElo "2320"]
[Result "1/2-1/2"]
[PlyCount "94"]
[EventDate "1993.12.06"]

1. e4 c5 2. Nf3 d6 3. d4 cxd4 4. Nxd4 Nf6 5. Nc3 e6 6. Be2 a6 7. a4 Be7 8. O-O
O-O 9. f4 Qc7 10. Be3 Nc6 11. Kh1 Re8 12. Bf3 Rb8 13. Qd2 Nxd4 14. Bxd4 e5 15.
Ba7 Ra8 16. Bg1 Be6 17. f5 Bc4 18. Rfe1 Rac8 19. Rac1 d5 20. Nxd5 Bxd5 21. exd5
b5 22. axb5 axb5 23. c3 Bd6 24. Qd3 Qc4 25. Be4 Rb8 26. Qc2 Nxe4 27. Qxe4 Rec8
28. Qxc4 bxc4 29. Rc2 Rb5 30. Rd2 f6 31. g4 Kf7 32. Kg2 Rcb8 33. Ree2 Ra5 34.
Kf3 Ke7 35. Be3 Ra1 36. Rc2 Rb5 37. Ke4 Bc5 38. Rc1 Ra2 39. Bxc5+ Rxc5 40. g5
Rb5 41. gxf6+ gxf6 42. Rcc2 Ra1 43. Rg2 Re1+ 44. Rce2 Rf1 45. Ref2 Re1+ 46. Re2
Rf1 47. Ref2 Re1+ 1/2-1/2

[Event "XIV Memorial Edoardo Crespi"]
[Site "Milano ITA"]
[Date "1993.12.??"]
[Round "7"]
[White "Vegetti, Emilio"]
[Black "Iudicello, Massimo"]
[WhiteElo "1870"]
[BlackElo "1943"]
[Result "1/2-1/2"]
[PlyCount "94"]
[EventDate "1993.12.06"]

1. e4 e5 2. Nf3 Nc6 3. d4 exd4 4. Bc4 Be7 5. O-O d6 6. Re1 Bg4 7. h3 Bxf3 8.
Qxf3 Bf6 9. Qb3 Ne5 10. Qxb7 Ne7 11. Bb3 O-O 12. Qa6 Nd7 13. Qe2 Nb6 14. f4 Ng6
15. Qf2 c5 16. Nd2 Rb8 17. a4 a5 18. Nc4 Nxc4 19. Bxc4 Qc7 20. Rb1 Rb4 21. b3
d3 22. cxd3 Bd4 23. Be3 Bxe3 24. Qxe3 Qe7 25. Rf1 Qf6 26. Qd2 h6 27. Rbe1 Qd4+
28. Qf2 Qxf2+ 29. Rxf2 Ne7 30. f5 Nc6 31. f6 Ne5 32. fxg7 Kxg7 33. Re3 Nxc4 34.
dxc4 f6 35. Rf5 Rb7 36. Rg3+ Kf7 37. Rd5 Ke6 38. Kf2 Rfb8 39. Rgd3 Rb6 40. Kf3
Ke7 41. Kf4 Rxb3 42. Rxd6 Rxd3 43. Rxd3 Rb4 44. Rc3 Rxa4 45. Kf5 Rb4 46. Kg6
Ke6 47. Kxh6 f5 1/2-1/2

[Event "XIV Memorial Edoardo Crespi"]
[Site "Milano ITA"]
[Date "1993.12.??"]
[Round "7"]
[White "Zanetti, Alberto"]
[Black "Rizzuti, Pasquale"]
[WhiteElo "2082"]
[BlackElo "1882"]
[Result "1-0"]
[PlyCount "83"]
[EventDate "1993.12.06"]

1. f4 b6 2. e4 h5 3. d4 e6 4. Nf3 Be7 5. Bd3 h4 6. Nc3 Bb7 7. Qe2 Nf6 8. Bd2 a5
9. O-O-O a4 10. g4 a3 11. b3 Na6 12. g5 Ng8 13. Ne5 g6 14. Rhg1 d6 15. Bb5+ Kf8
16. Nc6 Qc8 17. f5 Bxc6 18. Bxc6 Rb8 19. Rdf1 Kg7 20. f6+ Nxf6 21. gxf6+ Bxf6
22. Qf2 Qd8 23. e5 dxe5 24. dxe5 Nb4 25. Be4 c5 26. exf6+ Kf8 27. Bf4 Qd4 28.
Qxd4 cxd4 29. Bxb8 Ke8 30. Nb5 Nxa2+ 31. Kb1 Nb4 32. Nxa3 Kd7 33. Be5 b5 34.
Rd1 Nd5 35. Rxd4 Kc6 36. c4 bxc4 37. bxc4 h3 38. cxd5+ exd5 39. Bxd5+ Kb6 40.
Rb4+ Ka5 41. Rb5+ Ka6 42. Rg4 1-0

[Event "XIV Memorial Edoardo Crespi"]
[Site "Milano ITA"]
[Date "1993.12.??"]
[Round "8"]
[White "Cappello, Guido"]
[Black "Misiano, Franco"]
[WhiteElo "2285"]
[BlackElo "1900"]
[Result "1/2-1/2"]
[PlyCount "44"]
[EventDate "1993.12.06"]

1. d4 d5 2. Nc3 e6 3. e4 Bb4 4. e5 c5 5. a3 Bxc3+ 6. bxc3 Ne7 7. Nf3 Qa5 8. Bd2
Nbc6 9. Be2 Bd7 10. O-O f6 11. c4 Qc7 12. cxd5 Nxd5 13. c4 Nde7 14. exf6 gxf6
15. Bc3 O-O-O 16. dxc5 e5 17. Qd6 Nf5 18. Qxc7+ Kxc7 19. Nd2 Nfd4 20. Bd1 Bf5
21. Rc1 Bd3 22. Re1 Ne6 1/2-1/2

[Event "XIV Memorial Edoardo Crespi"]
[Site "Milano ITA"]
[Date "1993.12.??"]
[Round "8"]
[White "Cazzaniga, Walter"]
[Black "Tortarolo, Massimiliano"]
[WhiteElo "2013"]
[BlackElo "2250"]
[Result "0-1"]
[PlyCount "90"]
[EventDate "1993.12.06"]

1. c4 e6 2. d4 d5 3. Nc3 c6 4. cxd5 exd5 5. Nf3 Bf5 6. Qb3 Qb6 7. Bf4 Nd7 8.
Qxb6 axb6 9. Ne5 Ngf6 10. Nxd7 Kxd7 11. f3 b5 12. g4 Be6 13. e3 Be7 14. Bd3 Ra7
15. Ne2 Rha8 16. Nc1 g6 17. Rb1 b4 18. b3 Ne8 19. Rb2 Nd6 20. h4 b6 21. Rc2 Rc8
22. h5 c5 23. Bxd6 Kxd6 24. hxg6 hxg6 25. Kd1 Bf6 26. Rh7 Rcc7 27. Rg2 g5 28.
dxc5+ bxc5 29. f4 d4 30. Rh6 Bg7 31. Rh7 f6 32. f5 Bd5 33. e4 Bc6 34. Ke2 Re7
35. Kf3 Ra8 36. Re2 Rae8 37. Kg3 Bf8 38. Rxe7 Rxe7 39. Kf3 Rh7 40. Rg2 Kc7 41.
Ne2 Bd6 42. Ng1 Bf4 43. Bf1 Kd6 44. Rc2 Rh1 45. Rg2 Be3 0-1

[Event "XIV Memorial Edoardo Crespi"]
[Site "Milano ITA"]
[Date "1993.12.??"]
[Round "8"]
[White "D'Apa, Stefano"]
[Black "Sbarra, Marco"]
[WhiteElo "2225"]
[BlackElo "2005"]
[Result "1/2-1/2"]
[PlyCount "140"]
[EventDate "1993.12.06"]

1. d4 Nf6 2. Nf3 d6 3. c4 Nbd7 4. Nc3 e5 5. e4 Be7 6. Be2 c6 7. O-O O-O 8. Qc2
a6 9. d5 cxd5 10. cxd5 Ne8 11. Be3 g6 12. Nd2 f5 13. f3 f4 14. Bf2 Bh4 15. Rac1
Bxf2+ 16. Rxf2 h5 17. g3 Kg7 18. Rg2 fxg3 19. Rxg3 h4 20. Rg2 Rf4 21. Kh1 Nf8
22. Bf1 Bd7 23. Ne2 Rc8 24. Qd1 Rf7 25. Rxc8 Bxc8 26. Ng1 Nh7 27. Qe1 Qf6 28.
Nc4 Qf4 29. Qb4 Qc1 30. Rf2 Nef6 31. Qd2 Qxd2 32. Nxd2 Nh5 33. Ne2 Bd7 34. Ng1
Nf4 35. Nb3 Ba4 36. Nd2 Rc7 37. b3 Bd7 38. Nc4 b5 39. Nb6 Nf6 40. Nxd7 Nxd7 41.
Bh3 Nc5 42. Rc2 Kf6 43. Bg4 b4 44. Nh3 Nxh3 45. Bxh3 a5 46. Kg2 Kg5 47. Rc4 Kf4
48. Bg4 Ke3 49. Kh3 Kf4 50. Kg2 Ke3 51. Kh3 Rh7 52. Kg2 Ra7 53. Kh3 Nd3 54. Rc6
Rh7 55. Kg2 Ne1+ 56. Kh1 Nxf3 57. Rxd6 Kxe4 58. Rxg6 Nd4 59. d6 Rh8 60. d7 Rd8
61. Rg7 Kd5 62. Re7 Kd6 63. Re8 Kc7 64. Rxe5 Nc6 65. Rh5 a4 66. Rxh4 axb3 67.
axb3 Nd4 68. Bh3 Nxb3 69. Rxb4 Nc5 70. Rc4 Kd6 1/2-1/2

[Event "XIV Memorial Edoardo Crespi"]
[Site "Milano ITA"]
[Date "1993.12.??"]
[Round "8"]
[White "Gazzarri, Alberto"]
[Black "Vegetti, Emilio"]
[WhiteElo "1984"]
[BlackElo "1870"]
[Result "1/2-1/2"]
[PlyCount "79"]
[EventDate "1993.12.06"]

1. d4 Nf6 2. Nf3 g6 3. Bf4 d6 4. h3 Bg7 5. e3 O-O 6. Bd3 c5 7. c3 cxd4 8. exd4
Nc6 9. O-O Re8 10. Bb5 Bd7 11. Nbd2 a6 12. Ba4 Qc7 13. Re1 Rad8 14. Bb3 b5 15.
Rc1 e5 16. dxe5 dxe5 17. Bg5 h6 18. Bh4 g5 19. Bg3 Re7 20. Qc2 Qc8 21. Ne4 Nxe4
22. Qxe4 Bf5 23. Qe2 Qa8 24. Rcd1 e4 25. Nh2 b4 26. cxb4 Nd4 27. Qe3 Red7 28.
Ba4 Nb5 29. Ng4 Rd3 30. Qb6 Bxg4 31. hxg4 Kh7 32. Rxd3 Rxd3 33. Bc2 Bd4 34.
Bxd3 exd3 35. Qb8 d2 36. Rd1 Qe4 37. Kh2 Qe1 38. Qb7 Qxd1 39. Qxf7+ Kh8 40.
Qf8+ 1/2-1/2

[Event "XIV Memorial Edoardo Crespi"]
[Site "Milano ITA"]
[Date "1993.12.??"]
[Round "8"]
[White "Iudicello, Marco"]
[Black "Braunberger, Federico"]
[WhiteElo "2025"]
[BlackElo "2028"]
[Result "0-1"]
[PlyCount "98"]
[EventDate "1993.12.06"]

1. e4 e6 2. Qe2 Be7 3. g3 b6 4. Bg2 Bb7 5. Nf3 c5 6. Nc3 d6 7. d3 Nd7 8. O-O
Ngf6 9. Ne1 Qc7 10. a4 a6 11. f4 Rb8 12. f5 exf5 13. Rxf5 O-O 14. b3 Ne5 15.
Bb2 Bc8 16. Rf1 Be6 17. Nd1 b5 18. axb5 axb5 19. Ne3 Ra8 20. Nf3 Rxa1 21. Rxa1
h6 22. Nxe5 dxe5 23. Nd5 Bxd5 24. exd5 Bd6 25. Qe1 c4 26. dxc4 bxc4 27. Qa5
cxb3 28. Qxc7 Bxc7 29. cxb3 Rb8 30. Ba3 Rxb3 31. d6 Bb6+ 32. Kf1 Ng4 33. Be4
Ne3+ 34. Ke2 Nc4 35. Bc5 g6 36. d7 Bc7 37. Ra8+ Kg7 38. d8=Q Bxd8 39. Rxd8 Rb2+
40. Ke1 Rxh2 41. Bf2 f5 42. Bd5 Nb2 43. Rd7+ Kf6 44. Rd6+ Kg5 45. Bf7 f4 46.
Rxg6+ Kf5 47. gxf4 Nd3+ 48. Ke2 Nxf2 49. fxe5 Ng4+ 0-1

[Event "XIV Memorial Edoardo Crespi"]
[Site "Milano ITA"]
[Date "1993.12.??"]
[Round "8"]
[White "Iudicello, Massimo"]
[Black "Rizzuti, Pasquale"]
[WhiteElo "1943"]
[BlackElo "1882"]
[Result "1-0"]
[PlyCount "102"]
[EventDate "1993.12.06"]

1. e4 c5 2. Nf3 Nc6 3. d4 cxd4 4. Nxd4 d6 5. c4 g6 6. Nc3 Bg7 7. Be3 Nf6 8. Be2
a6 9. O-O O-O 10. f3 Nxd4 11. Bxd4 Bd7 12. Qd2 Bc6 13. b4 b6 14. Rab1 Qc7 15.
Rfc1 Qa7 16. Rc2 Rfc8 17. Kh1 Rab8 18. Bf1 Qa8 19. Rbc1 h5 20. Nd5 Bxd5 21.
cxd5 b5 22. Be3 Qb7 23. Rc6 Rxc6 24. Rxc6 Kf8 25. Qc2 Ne8 26. g3 e6 27. Bh3 Ke7
28. Rb6 Qa7 29. Qc6 Rxb6 30. Bxb6 Qb8 31. dxe6 fxe6 32. f4 Nf6 33. Bc7 Qe8 34.
Bxd6+ Kf7 35. Qxe8+ Nxe8 36. Bc5 Bc3 37. Bf1 Nf6 38. Bd3 Ng4 39. Kg2 e5 40. a4
bxa4 41. Bxa6 a3 42. Bc4+ Ke8 43. b5 Kd7 44. h3 Nf6 45. Kf3 exf4 46. gxf4 Bb2
47. e5 Ne8 48. Ke4 Ng7 49. b6 Ne6 50. Bxe6+ Kxe6 51. Bxa3 Kd7 1-0

[Event "XIV Memorial Edoardo Crespi"]
[Site "Milano ITA"]
[Date "1993.12.??"]
[Round "8"]
[White "Marzano, Carlo"]
[Black "Contini, Luca"]
[WhiteElo "2235"]
[BlackElo "2320"]
[Result "0-1"]
[PlyCount "78"]
[EventDate "1993.12.06"]

1. d4 Nf6 2. Nf3 e6 3. Bg5 h6 4. Bh4 c5 5. e3 cxd4 6. exd4 Be7 7. c3 b6 8. Nbd2
O-O 9. Bd3 d6 10. Bxf6 Bxf6 11. Qe2 Bb7 12. h4 Re8 13. O-O-O g6 14. h5 g5 15.
Ne4 Qe7 16. Kb1 Nd7 17. Rhe1 Bg7 18. Ng1 Nf6 19. f4 gxf4 20. Nh3 Nd5 21. g4 f5
22. gxf5 exf5 23. Nef2 Qxe2 24. Bxe2 Ne3 25. Rc1 f3 26. Bb5 Re7 27. Nf4 Kh7 28.
Ng6 Re4 29. Bd3 Ng2 30. Bxe4 fxe4 31. Rxe4 Bxe4+ 32. Nxe4 Re8 33. Nxd6 Re2 34.
Nf5 f2 35. Ng3 Re1 36. Nf1 Bf6 37. Kc2 Bg5 38. Rd1 Ne3+ 39. Nxe3 Bxe3 0-1

[Event "XIV Memorial Edoardo Crespi"]
[Site "Milano ITA"]
[Date "1993.12.??"]
[Round "8"]
[White "Radovanovic, Jovica"]
[Black "Lanzani, Mario"]
[WhiteElo "2230"]
[BlackElo "2280"]
[Result "0-1"]
[PlyCount "58"]
[EventDate "1993.12.06"]

1. e4 e5 2. Nf3 Nc6 3. Bb5 f5 4. Nc3 fxe4 5. Nxe4 Nf6 6. Nxf6+ Qxf6 7. O-O Nd4
8. Nxd4 exd4 9. d3 c6 10. Re1+ Be7 11. Qh5+ Qf7 12. Qe5 O-O 13. Bc4 d5 14. Bxd5
cxd5 15. Qxd4 Bf6 16. Qf4 d4 17. Bd2 Bd7 18. Bb4 Rfe8 19. Rxe8+ Rxe8 20. Re1
Rxe1+ 21. Bxe1 Bc6 22. Bb4 h6 23. b3 a5 24. Bd2 Qd5 25. Qg4 Kh7 26. f3 Qc5 27.
Qe6 Qxc2 28. Qf5+ g6 29. Qxa5 Qxd3 0-1

[Event "XIV Memorial Edoardo Crespi"]
[Site "Milano ITA"]
[Date "1993.12.??"]
[Round "8"]
[White "Zanetti, Alberto"]
[Black "Iudicello, Giovanni"]
[WhiteElo "2082"]
[BlackElo "2118"]
[Result "1-0"]
[PlyCount "77"]
[EventDate "1993.12.06"]

1. f4 Nf6 2. b3 d5 3. Bb2 e6 4. Nf3 Be7 5. e3 Nbd7 6. Be2 c5 7. O-O O-O 8. h3
Ne4 9. Kh2 Bh4 10. Nxh4 Qxh4 11. Qe1 Qxe1 12. Rxe1 f6 13. Bf3 b5 14. Bxe4 dxe4
15. Nc3 a6 16. Nxe4 Bb7 17. Nf2 Rac8 18. a4 b4 19. d3 Kf7 20. e4 Ke7 21. Ng4
Nb8 22. Ne3 g6 23. g4 Nc6 24. Kg3 Rf7 25. Re2 a5 26. h4 Rg8 27. Rae1 Ba6 28. g5
fxg5 29. hxg5 Nd4 30. Bxd4 cxd4 31. Ng4 Rgf8 32. f5 Bc8 33. Nh6 gxf5 34. Nxf7
Kxf7 35. exf5 exf5 36. Kf4 h6 37. Re7+ Kg6 38. gxh6 Kxh6 39. Rg1 1-0

[Event "XIV Memorial Edoardo Crespi"]
[Site "Milano ITA"]
[Date "1993.12.??"]
[Round "9"]
[White "Braunberger, Federico"]
[Black "Zanetti, Alberto"]
[WhiteElo "2028"]
[BlackElo "2082"]
[Result "1/2-1/2"]
[PlyCount "112"]
[EventDate "1993.12.06"]

1. Nf3 Nf6 2. c4 c5 3. d4 cxd4 4. Nxd4 g6 5. Nc3 Nc6 6. g3 Bg7 7. Bg2 O-O 8.
O-O a6 9. h3 Nxd4 10. Qxd4 d6 11. Qd3 Qc7 12. Bd2 Be6 13. b3 Rac8 14. Rac1 Qb8
15. e4 Nd7 16. f4 Nc5 17. Qe2 b5 18. cxb5 axb5 19. f5 Bxb3 20. axb3 Nxb3 21.
Nd5 Nxc1 22. Bxc1 Qa7+ 23. Be3 Bd4 24. Nxe7+ Kh8 25. Bxd4+ Qxd4+ 26. Kh2 Rc7
27. Nd5 Rc4 28. Rd1 Qc5 29. Qb2+ f6 30. fxg6 Rc2 31. Qd4 hxg6 32. Ne7 Kg7 33.
Nd5 Qxd4 34. Rxd4 Rb8 35. Rb4 Rc4 36. Rb3 b4 37. g4 Kf7 38. Kg3 Ke6 39. Kf4 g5+
40. Ke3 Ke5 41. Ne7 Ke6 42. Nf5 Rbc8 43. Nd4+ Ke5 44. Ne2 Ra8 45. Kd3 Rac8 46.
Rb1 R8c5 47. Ra1 Rc7 48. Ra8 Rc8 49. Ra5+ R8c5 50. Ra1 Rc6 51. Rf1 Rc8 52. Rf5+
Ke6 53. Rb5 R8c5 54. Rb6 Ke5 55. Bf3 Rc6 56. Rb7 Rc7 1/2-1/2

[Event "XIV Memorial Edoardo Crespi"]
[Site "Milano ITA"]
[Date "1993.12.??"]
[Round "9"]
[White "Contini, Luca"]
[Black "Cazzaniga, Walter"]
[WhiteElo "2320"]
[BlackElo "2013"]
[Result "1-0"]
[PlyCount "39"]
[EventDate "1993.12.06"]

1. d4 f5 2. Bg5 h6 3. Bh4 g5 4. Bg3 f4 5. e3 e5 6. exf4 exf4 7. Bxf4 gxf4 8.
Qh5+ Ke7 9. Qe5+ Kf7 10. Bc4+ d5 11. Bxd5+ Kg6 12. Be4+ Kf7 13. Bd5+ Kg6 14.
Ne2 Nf6 15. Nxf4+ Kg7 16. Nh5+ Kg6 17. Qg3+ Bg4 18. Nxf6 Kxf6 19. Qh4+ Kf5 20.
Be4+ 1-0

[Event "XIV Memorial Edoardo Crespi"]
[Site "Milano ITA"]
[Date "1993.12.??"]
[Round "9"]
[White "Iudicello, Giovanni"]
[Black "Radovanovic, Jovica"]
[WhiteElo "2118"]
[BlackElo "2230"]
[Result "0-1"]
[PlyCount "92"]
[EventDate "1993.12.06"]

1. e4 c5 2. Nf3 d6 3. d4 cxd4 4. Nxd4 Nf6 5. Nc3 Nc6 6. Bg5 Bd7 7. Qd2 a6 8.
Be2 e6 9. a4 Be7 10. O-O Nxd4 11. Qxd4 Qa5 12. Be3 Bc6 13. b4 Qe5 14. Bd3 Ng4
15. Qxe5 dxe5 16. b5 Bd7 17. Bb6 O-O 18. bxa6 bxa6 19. Rfb1 Rfc8 20. Nd1 Bc6
21. Nb2 Nf6 22. f3 Nd7 23. Bf2 Nc5 24. Bf1 f5 25. exf5 exf5 26. a5 e4 27. Nc4
Nd7 28. Nb6 Nxb6 29. axb6 Bb7 30. fxe4 fxe4 31. c4 Kf7 32. Ra5 Bf6 33. c5 Ke7
34. Be3 Bc3 35. Ra3 Be5 36. g3 h6 37. Ra2 g5 38. Rd2 Rd8 39. Rxd8 Rxd8 40. Kf2
a5 41. Bb5 Rc8 42. Rc1 Bc6 43. Bxc6 Rxc6 44. Rb1 Kd7 45. b7 Bb8 46. Bd4 Ra6 0-1

[Event "XIV Memorial Edoardo Crespi"]
[Site "Milano ITA"]
[Date "1993.12.??"]
[Round "9"]
[White "Lanzani, Mario"]
[Black "Cappello, Guido"]
[WhiteElo "2280"]
[BlackElo "2285"]
[Result "1-0"]
[PlyCount "61"]
[EventDate "1993.12.06"]

1. e4 e6 2. d4 d5 3. Nd2 Nf6 4. e5 Nfd7 5. Bd3 c5 6. c3 Nc6 7. Ne2 cxd4 8. cxd4
Nb6 9. O-O Bd7 10. a3 a5 11. Nf3 Be7 12. Nc3 Na7 13. g3 Rc8 14. h4 h6 15. Nh2
Nc4 16. Qg4 Kf8 17. a4 Qb6 18. Nxd5 exd5 19. Qxd7 Qb3 20. Bxc4 dxc4 21. Qf5 g6
22. Qf4 Rd8 23. e6 f5 24. d5 Rxd5 25. Qb8+ Kg7 26. Qc7 Qb4 27. b3 Rc8 28. Qf4
g5 29. Qf3 Rd3 30. Qh5 Rf8 31. Ba3 1-0